000 00572nam a2200181Ia 4500
003 GCL
008 140319s9999 xx 000 0 ara d
040 _aGCL /
_cGCL
082 0 4 _a811.1
_bا ح
100 1 _aاحمد محمد الحوفى
245 1 0 _aالحياة العربية من الشعر الجاهلى /
_cاحمد محمد الحوفى
300 _a509 ص
490 _a
650 0 4 _aالشعر العربى
650 0 4 _aالادب العربى
650 0 4 _aالشعر العربى - تاريخ ونقد - العصر الجاهلى
942 _2ddc
_cBK
999 _c39185
_d39185